Tratado de química orgánica

Gorde:
Xehetasun bibliografikoak
Egile nagusia: Klages, Federico (Egilea)
Formatua: Liburua
Hizkuntza:gaztelania
Argitaratua: Barcelona Reverté 1960
Gaiak:
Etiketak: Etiketa erantsi
Etiketarik gabe, Izan zaitez lehena erregistro honi etiketa jartzen!

MARC

LEADER 00000nam a2200000 a 4500
001 UCT1379
003 CL-VaPUC
008 960927e19600000SP |||||||||||||||||spa|d
082 0 4 |a 547  |b KLA  |2 21 
100 0 |a Klages, Federico  |e author  |9 370215 
245 1 0 |a Tratado de química orgánica 
300 |a 3 v 
942 |c BK 
945 |d 19960927 00:00:00  |a cmena 
260 |a Barcelona  |b Reverté  |c 1960 
650 0 |a Química orgánica   |9 259426 
650 7 |a PRODUCTOS QUIMICOS ORGANICOS  |2 CL-VaPUC  |9 344420 
650 0 |a Reacciones químicas  |9 259438 
650 0 |a Tecnología química   |9 263002 
650 0 |a Moléculas   |9 259584 
650 7 |a QUIMICA MOLECULAR  |2 CL-VaPUC  |9 360477 
650 0 |a Composición de la materia  |9 266564 
650 0 |a Biología molecular  |9 269677 
583 |a last modification  |c 19960927 00:00:00  |k Rodrigo Vera 
999 |c 251916  |d 251914